MDQL
is popping MORE tags! Check the
thread
!
Quizzes
Events
Quiz Creation
Community
Videos
Private Events
Remove Ads
Sign In
Join for FREE
Feedback
Dark Mode
Quiz Categories
Sports
Geography
Music
Movies
Television
Just For Fun
Miscellaneous
History
Literature
Language
Science
Gaming
Entertainment
Religion
Holiday
For Kids
Quiz Lab
Recent
Popular Today
Quiz Kudos Today
Editor Picks
Curator Picks
Quizzes by...
Day
Popularity
Type
Ratings
Length
Year
Community
Subscriptions
Recent Discussions
Orange Saloon
Badges
Playlists
Quests
Create
Leaderboards
Showdown
Live 5
Trivia Bingo
Activity
Puzzle Library
Sporcle Events
Private Events
Virtual Trivia
Globe League
Become a Host
Pub Owners
SporcleCon
Opinionation
Our Games
Videos
Blog
Mobile Apps
Partnerships
Remove Ads and Go Orange
Feedback
Music
Pop Music
The Beatles
Song
Album
Lyrics
Bands
Singers
Artist
Clip
Rock
Rap
Classical
Billboard
Country Music
Kpop
Taylor Swift
Music
Pop Music
The Beatles
Song
Album
Lyrics
Bands
Singers
Artist
Clip
Rock
Rap
Classical
Billboard
Country Music
Kpop
Taylor Swift
Random Quiz
Search Sporcle
×
Quiz Lab
Quiz Lab
Music
Lyrics
Type in answers that appear in a list
Type in answers that appear in a list
Classic
Best Score? Go Orange.
Guess the Glee Lyrics! 9 Stats
Can you name the lyrics to this song cover by the Glee Cast?
By
ThatStarGirl
9m
179 Questions
20.9K Plays
20,888 Plays
20,888 Plays
Comments
Comments
Give Quiz Kudos
Give Quiz Kudos
-
- Ratings
hide this ad
More Info
Replay
Link that replays current quiz
Next Quiz
Link to next quiz in quiz playlist
You Got
0%
They Got
Avg Score
64%
Avg Friend Score
Upgrade to see
Score Distribution
Jump to the score distribution portion of the page
Score
0/179
Timer
09:00
0
Plays Today
Lyrics
% Correct
I
96.9%
I
96.9%
I
96.9%
I
96.9%
I
96.9%
I
96.9%
I
96.9%
I
96.9%
I
96.9%
I
96.9%
I
96.9%
I
96.9%
I
96.9%
I
96.9%
I
96.9%
I
96.9%
I
96.9%
I
96.9%
I
96.9%
I
96.9%
I
96.9%
I
96.9%
a
96.3%
a
96.3%
a
96.3%
a
96.3%
a
96.3%
the
96.3%
the
96.3%
and
96.3%
and
96.3%
and
96.3%
and
96.3%
and
96.3%
You
91.1%
you
91.1%
you
91.1%
you
91.1%
You
91.1%
you
91.1%
you
91.1%
love
84.4%
Love love love
84.4%
love
84.4%
love
84.4%
Love love love
84.4%
love
84.4%
love
84.4%
love
84.4%
love
84.4%
Love love love
84.4%
love
84.4%
love
84.4%
Love love love
84.4%
love
84.4%
me
75.4%
me
75.4%
your
69.4%
your
69.4%
your
69.4%
Lyrics
% Correct
your
69.4%
your
69.4%
your
69.4%
your
69.4%
your
69.4%
your
69.4%
your
69.4%
your
69.4%
your
69.4%
your
69.4%
your
69.4%
your
69.4%
your
69.4%
your
69.4%
your
69.4%
your
69.4%
your
69.4%
your
69.4%
your
69.4%
your
69.4%
want
66.6%
want
66.6%
want
66.6%
want
66.6%
want
66.6%
want
66.6%
want
66.6%
want
66.6%
want
66.6%
want
66.6%
want
66.6%
want
66.6%
want
66.6%
want
66.6%
want
66.6%
want
66.6%
want
66.6%
want
66.6%
want
66.6%
want
66.6%
Want
66.6%
want
66.6%
want
66.6%
it
63.3%
in
61.7%
in
61.7%
in
61.7%
in
61.7%
rah-rah etc.
58.6%
roma-roma-ma
57.3%
bad
56.4%
bad
56.4%
bad,
56.4%
bad
56.4%
bad
56.4%
bad
56.4%
bad
56.4%
(Chorus)
55.4%
romance (repeat)
55.4%
romance (repeat)
55.4%
Lyrics
% Correct
romance
55.4%
romance
55.4%
romance
55.4%
romance (repeat)
55.4%
gaga-ooh-la-la
51.7%
need
48.4%
as
47.2%
as
47.2%
as
47.2%
as
47.2%
it's
46.7%
that
46.3%
that
46.3%
of
45.5%
revenge
44.9%
revenge
44.9%
know
44.4%
know
44.4%
(Bridge)
44.4%
my
44.3%
could
43.6%
could
43.6%
you're
43.5%
you're
43.5%
you're
43.5%
rah-rah-ah-ah-ah
42.1%
Caught
41.5%
Caught
41.5%
long
41.3%
long
41.3%
all
39.9%
disease
39.4%
free
39%
everything
37.9%
write
37.3%
write
37.3%
kiss
35.8%
baby
34.3%
touch
34%
ugly
33.4%
hand
33%
mine
31.2%
sand
29.8%
psycho
28.6%
stick
28.4%
leather
27.6%
Woooooooooah
27.4%
Woooooooooooah
27.2%
studded
26.9%
sick
26.7%
lover's
26%
drama
25.9%
'cause
23.2%
criminal
23.1%
horror
22.4%
vertigo
21.4%
design
20.8%
window
19%
rear
17.3%
Quiz Playlist
Details
Report
Send in Message
Add To Playlist
More Info:
Not all of the song was able to fit into the space provided so the lyrics only go as far as the second chorus. Enjoy!
Classic:
Type in answers that appear in a list
Last Updated: Feb 16, 2017
Quiz Scoreboard
CHALLENGE
Sign Up to Join the Scoreboard
Show All
Scores
Hide
Comments
May contain spoilers
Recently Published
Holiday 10x10 Sorting Gallery
by lukepisani3
Holiday
15m
Two Season TV Shows II
by 123Four
Television
10m
Image Sorting: Flags VI
by Barbecue
Geography
2m
More to Explore
Quiz From the Vault
Featured Blog Post
14 Easter Pick-up Lines to Find Eggs With
hide this ad
You Might Also Like...
Tags
Lyrics Quiz
Song Quiz
Glee
Today's Top Quizzes in Music
Browse Music
hide this ad
Today's Top Quizzes in Lyrics
Browse Lyrics
Top Contributed Quizzes in Music
1
5X2 Blitz: Bands II
2
Taylor Swift All Songs (2024)
3
5X2 Blitz: The Beatles
4
5X2 Blitz: Billboard
5
Music Artist by Three 2010s hits
6
5X2 Blitz: Billboard II
7
Singers Born in the 1930s
8
5X2 Blitz: Album
9
5X2 Blitz: Rock
10
5X2 Blitz: Singers
Explore More
Trending Topics
NBA
Harry Potter
Marvel
Anime
Crossword
Disney
Kpop
WWE
The Office
Pokémon
Soccer
Country
NFL
Song
Puzzle
hide this ad
More By:
ThatStarGirl
Quiz
Plays
Rating
Category
Featured
Created
Figure Out the Lyrics (Glee Cover)
270,811
3.00
Music
Apr 30, 2010
Figure Out the Lyrics (Glee Cover II)
135,471
3.51
Music
Nov 23, 2010
Guess the Glee Lyrics! 8
32,215
3.16
Music
May 4, 2010
Guess the Disney Lyrics!
25,856
3.90
Music
Feb 4, 2010
Guess the Glee Lyrics! 4
24,716
3.42
Music
May 2, 2010
Go to Creator's Profile
Score Distribution
Quiz Creator Spotlight
ThatStarGirl
Follow
Send a Message
Quizzes Created
-
Created Quiz Play Count
-
More By This Creator
Popular Quizzes Today
1
Find the US States - No Outlines Minefield
2
Colored Red Africa Blitz
3
Find the 'City' Movie
4
The Countries of the World
5
Find the US States
6
5x2 Blitz: Bands
7
Find the Countries of Europe - No Outlines Minefield
8
US States
More Music Quizzes
I Come from a Land Down Under
Published
Trending Quizzes
Colored Red Europe Blitz I
Colored Red Europe Blitz II
Colored Red Africa Blitz II
Colored Red Africa Blitz III
Colored Red Europe Blitz III
Recently Updated
Odd Team Out - Big 4 Players
pecheneg
Quick Pick: 20 Twenties
pecheneg
March Madness Men's Triple Doubles
pecheneg
How Do You Spell That?
pecheneg
Godzilla Movies
pecheneg
Grab Bag: 4-10 Letters
pecheneg
2024 March Madness Bracket
pecheneg
Famous TV Couples
Peacemaker
Champions League XIs: Real Madrid
pecheneg
Largest US Cities 1790-2010
pecheneg
Trending Topics
Harry Potter
Anime
Disney
NBA
Marvel
Crossword
Kpop
Puzzle
WWE
NFL
Pokémon
Song
Country
The Office
Soccer
Your Account Isn't Verified!
In order to create a playlist on Sporcle, you need to verify the email address you used during registration. Go to your
Sporcle Settings
to finish the process.
Report this User
Report this user for behavior that violates our
Community Guidelines
.
Details:
Send Report
Go to the Sporcle.com Mobile Site →
Comments